[Event "It (open)"]
[Site "masterchessopen.com – Lima (Peru)"]
[Date "2012.08.02"]
[Round "5"]
[White "Contreras Jose (PER)"]
[Black "Cruz Cristhian (PER)"]
[Result "0-1"]
[WhiteElo "2183"]
[BlackElo "2507"]

1.d4 e6 2.c4 Nf6 3.Nf3 c5 4.d5 b5 5.Bg5 exd5 6.cxd5 d6 7.e4 a6 8.Nbd2 Be7 9.a4
Nxd5 10.exd5 Bxg5 11.axb5 O-O 12.Be2 Bb7 13.bxa6 Nxa6 14.O-O Nb4 15.Rxa8 Bxa8
16.Bc4 Bf6 17.Qb3 Re8 18.g3 g6 19.Nb1 Qd7 20.Nc3 Qf5 21.Qa4 Rf8 22.Re1 Qxf3
23.Re8 Bd4 24.Rxf8+ Kxf8 25.Qxa8+ Kg7 {#R} 0-1

[Event "It (open)"]
[Site "masterchessopen.com – Schwarzach (Austria)"]
[Date "2012.08.22"]
[Round "5"]
[White "Huhs Sven (GER)"]
[Black "Schnepp Gunnar (AUT)"]
[Result "0-1"]
[WhiteElo "2092"]
[BlackElo "2308"]

1.d4 Nf6 2.Nf3 e6 3.c4 c5 4.d5 b5 5.e3 exd5 6.cxd5 Bb7 7.Bxb5 Nxd5 8.O-O Be7
9.Nc3 Nxc3 10.bxc3 O-O 11.Qe2 Qa5 12.Bd2 Bf6 13.c4 Qa3 14.Bc1 Qa5 15.Bd2 Qa3
16.Bc1 Qb4 17.a3 Qb3 18.Qa2 Qd3 19.Rb1 Qg6 20.e4 Bxe4 21.Rb3 Bc2 22.Re3 a6
{#R} 0-1

[Event "Olympiad (under 16)"]
[Site "masterchessopen.com – Istanbul (Turkey)"]
[Date "2012.08.29"]
[Round "1"]
[White "Kowsarinia Amir (IRI)"]
[Black "Yaran Siar (TUR)"]
[Result "1-0"]
[WhiteElo "2319"]
[BlackElo "1877"]

1.d4 Nf6 2.c4 e6 3.Nf3 c5 4.d5 b5 5.Bg5 bxc4 6.e4 exd5 7.e5 h6 8.exf6 hxg5
9.Qxd5 Nc6 10.Qe4+ Be7 11.fxg7 Rg8 12.Qh7 Qa5+ 13.Nc3 Rxg7 14.Qxg7 d5 15.Qg8+
Kd7 16.Qxf7 d4 17.Bxc4 dxc3 18.O-O cxb2 19.Rab1 Rb8 20.Bd5 Qc7 21.Be6+ Kd6
22.Rfd1+ Nd4 23.Nxd4 cxd4 24.Rxd4+ Ke5 25.Rd5+ Ke4 26.Re1# 1-0

[Event "It (open)"]
[Site "masterchessopen.com – High Wycombe (England)"]
[Date "2012.10.13"]
[Round "3"]
[White "Bonafont Philip (ENG)"]
[Black "Kouis Marios (GRE)"]
[Result "1-0"]
[WhiteElo "2074"]
[BlackElo "1845"]

1.d4 Nf6 2.Nf3 e6 3.c4 c5 4.d5 b5 5.Bf4 Bb7 6.Nc3 bxc4 7.e4 Qa5 8.Bd2 Qc7
9.Bxc4 Nxe4 10.Nxe4 exd5 11.Ng3 dxc4 12.Qe2+ Kd8 13.O-O-O Nc6 14.Rhe1 Be7
15.Qxc4 Rf8 16.Bc3 f6 17.Nf5 g6 18.Ne3 Ne5 19.Nxe5 fxe5 20.Nd5 Bg5+ 21.Kb1 Qc6
22.Rxe5 Bh6 23.Ba5+ {#r} 1-0